সূর্য্য পূৰত নুঠে / (Record no. 1069352)

MARC details
000 -LEADER
fixed length control field 01116nam a2200313 a 4500
001 - CONTROL NUMBER
control field vtls001619923
003 - CONTROL NUMBER IDENTIFIER
control field NLI
005 - DATE AND TIME OF LATEST TRANSACTION
control field 20210628133936.0
008 - FIXED-LENGTH DATA ELEMENTS--GENERAL INFORMATION
fixed length control field 121214s1964 ii 000 1 asm
020 ## - INTERNATIONAL STANDARD BOOK NUMBER
Terms of availability Rs. 4.00
039 #9 - LEVEL OF BIBLIOGRAPHIC CONTROL AND CODING DETAIL [OBSOLETE]
-- 201212141944
-- VLOAD
040 ## - CATALOGING SOURCE
Original cataloging agency NLI
Language of cataloging asmeng
Transcribing agency Datasoft_Assamese
Description conventions AACR2
041 0# - LANGUAGE CODE
Language code of text/sound track or separate title asm
044 ## - COUNTRY OF PUBLISHING/PRODUCING ENTITY CODE
MARC country code ii
082 04 - DEWEY DECIMAL CLASSIFICATION NUMBER
Classification number 891.493
100 1# - MAIN ENTRY--PERSONAL NAME
Linkage 880-01
Personal name ডেকা, কনকসেন
245 10 - TITLE STATEMENT
Linkage 880-02
Title সূর্য্য পূৰত নুঠে /
Statement of responsibility, etc. কনকসেন ডেকা
260 ## - PUBLICATION, DISTRIBUTION, ETC.
Place of publication, distribution, etc. গুৱাহাটী :
Name of publisher, distributor, etc. যতীন্দ্রনাৰায়ণ চৌধুৰী,
Date of publication, distribution, etc. 1964
300 ## - PHYSICAL DESCRIPTION
Extent viii, 238 p. ;
Dimensions 21 cm.
650 #0 - SUBJECT ADDED ENTRY--TOPICAL TERM
Topical term or geographic name entry element Assamese fiction
9 (RLIN) 678390
880 ## - ALTERNATE GRAPHIC REPRESENTATION
Linkage 100-01(B
a Dekā, Kanaksen
880 10 - ALTERNATE GRAPHIC REPRESENTATION
Linkage 245-02(B
a Sūrya pūrata nuṭhe /
c Kanaksen Dekā
887 ## - NON-MARC INFORMATION FIELD
Content of non-MARC field Abhik Ghosh 01.06.2012 (Sumit Kumar Das)
901 ## - LOCAL DATA ELEMENT A, LDA (RLIN)
a 3061
b 08.06.1972
902 ## - LOCAL DATA ELEMENT B, LDB (RLIN)
a A 891.493 D 7278 su
904 ## - LOCAL DATA ELEMENT D, LDD (RLIN)
c Abhik Ghosh 01.06.2012 (Sumit Kumar Das)
l A 9045
949 ## - LOCAL PROCESSING INFORMATION (OCLC)
-- VIRTUAITEM
-- 10000
-- 100
6 DBA000003061ASM
942 ## - ADDED ENTRY ELEMENTS (KOHA)
Source of classification or shelving scheme Dewey Decimal Classification
Koha item type Books
Holdings
Withdrawn status Lost status Damaged status Not for loan Collection code Home library Current library Shelving location Date acquired Total Checkouts Full call number Barcode Date last seen Price effective from Koha item type
        Assamese National Library of India National Library of India Assamese - Books - Main Stack Division     A 891.493 D 7278 su DBA000003061ASM 28/06/2021 28/06/2021 Books
                                                                           
web counter

Copyright ©2020 The National Library of India, Govt. of India ↔ Hosted by NVLI, MOC ↔ Technology and Design by National Library of India, Ministry of Culture, Govt. of India